Highest Grossing Movies of 2019 - Statistics

General Stats
  • This quiz has been taken 13 times
    10 since last reset
  • The average score is 6 of 29
Answer Stats
Rank Gross Movie Company % Correct
1 $2,774,600,000 Avengers – Endgame Disney – Marvel Studios
83%
3 $929,400,000 Aladdin Walt Disney Pictures
67%
2 $1,128,300,000 Captain Marvel Disney – Marvel Studios
50%
11 $364,200,000 Shazam! Warner Bros. – DC Comics
50%
15 $274,400,000 The Secret Life of Pets 2 Universal Pictures – Illumination
50%
8 $429,200,000 Pokémon: Detective Pikachu Warner Bros. – Nintendo
33%
6 $653,500,000 Spider-Man: Far From Home Disney – Marvel Studios
33%
5 $677,800,000 Toy Story 4 Disney – Pixar
33%
18 $249,500,000 X-Men: Dark Phoenix 20th Century Fox – Marvel Studios
33%
9 $404,900,000 Alita: Battle Angel 20th Century Fox
17%
24 $141,200,000 Annabelle Comes Home Warner Bros. – New Line Cinema
17%
12 $352,000,000 Dumbo Walt Disney Pictures
17%
20 $247,000,000 Glass Universal Pictures
17%
19 $247,100,000 Men in Black: International Columbia Pictures
17%
21 $191,100,000 The Lego Movie 2: The Second Part Warner Bros. Pictures
17%
17 $254,700,000 Us Universal Pictures
17%
13 $327,600,000 Crazy Alien Huaxia
0%
23 $155,200,000 Escape Room Sony Pictures
0%
25 $125,300,000 Extreme Job CJ Entertainment
0%
10 $382,400,000 Godzilla II: King of the Monsters Warner Bros. Pictures
0%
7 $519,800,000 How to Train Your Dragon: The Hidden World Universal Pictures
0%
14 $312,900,000 John Wick: Chapter 3 – Parabellum Summit Entertainment
0%
16 $255,900,000 Pegasus Huaxia
0%
29 $112,400,000 Pet Sematary Paramount Pictures
0%
22 $176,300,000 Rocketman Paramount – Marv Films
0%
27 $122,000,000 The Curse of La Llorona Warner Bros. – New Line Cinema
0%
26 $122,200,000 The Upside STX Entertainment
0%
4 $699,800,000 The Wandering Earth China Film Group
0%
28 $119,600,000 Wonder Park Paramount – Nickelodeon
0%
No matching quizzes found
Score Distribution
Percent of People with Each Score
Percentile by Number Answered
Your Score History
You have not taken this quiz since the last reset